000 00900cam a2200217 4500
001 WB3805-11
008 020207n2002 000 0 eng u
035 _a(Sirsi) u116651
245 _aUK unlikely to achieve CO2 reduction targets
260 _c2002
490 _aCambridge Econometrics Press Release
_v 4 February 2002, (3)
520 _aCambridge Econometrics has published the latest edition of "UK Energy and the Environment", containing detailed forecasts of energy demand and CO2 and SO2 emissions by fuel user and fuel type to the year 2015. This report is published twice per year, in January and July. Table. For more details: http://www.camecon.co.uk
590 _aWB
650 _aSTATISTICS
650 _aCARBON DIOXIDE EMISSIONS
650 _aENERGY USE
650 _aFUEL CONSUMPTION
650 _aENERGY DEMAND
690 _aENVIRONMENT-AUDIT/ASSESSMENT
942 _n0
999 _c69469
_d69469